LEADER 00997cam--2200337---450 001 990002797850203316 005 20200506105220.0 010 $a88-7146-158-4 035 $a000279785 035 $aUSA01000279785 035 $a(ALEPH)000279785USA01 035 $a000279785 100 $a20060816d1991----km-y0itay50------ba 101 $aita 102 $aIT 105 $a||||||||001yy 200 1 $aDalla memoria allo sguardo$eviaggio nella qualità della vita a Napoli$fUgo Leone$gfotografie di Lello Mazzacane$gprefazione di Atanasio Mozzillo 210 $aNapoli$cCUEN$d1991 215 $a211 p.$cill.$d30 cm 606 0 $aUrbanistica$yNapoli$2BNCF 676 $a720 700 1$aLEONE,$bUgo$011528 702 1$aMAZZACANE,$bLello 702 1$aMOZZILLO,$bAtanasio 801 0$aIT$bsalbc$gISBD 912 $a990002797850203316 951 $aXVII A.A. 70$b7837 DLAS$cXVII A.A.$d411924 959 $aBK 969 $aCAS 996 $aDalla memoria allo sguardo$9351150 997 $aUNISA LEADER 01055nam0-2200373---450 001 990009574490403321 005 20230612161305.0 010 $a978-88-464-9296-8 035 $a000957449 035 $aFED01000957449 035 $a(Aleph)000957449FED01 035 $a000957449 100 $a20120516d2007----km-y0itay50------ba 101 0 $aita 102 $aIT 105 $a--------001yy 200 1 $aCamera etnografica$estorie e teorie di antropologia visuale$fFrancesco Marano 210 $aMilano$cFrancoAngeli$d2007 215 $a216 p.$d20 cm 225 1 $aImagines$v2 320 $aContiene bibl. (pp. 205-216) 610 0 $aAntropologia$aRicerca$aMetodologia 610 0 $aAntropologia visuale 676 $a306.072$v22$zita 700 1$aMarano,$bFrancesco$0164327 801 0$aIT$bUNINA$gRICA$2UNIMARC 901 $aBK 912 $a990009574490403321 952 $a306.072 MAR 1$b5544$fBFS 952 $a306 MARF 01$b2023/630$fFLFBC 959 $aFLFBC 959 $aBFS 996 $aCamera etnografica$9846624 997 $aUNINA